• 首页
  • 本馆介绍
  • 公告通知
  • 最新文献
  • 馆藏检索
  • 电子资源
  • 读者导购
  • 参考咨询
  • 我的图书馆
  • 登录
  • 详细信息显示
  • 放入我的书架
  • 预约/预借图书
  • 作者相关作品
  • 分类相关作品
  • 丛书相关作品
  • 出版社相关作品

书目信息

  • 表格格式
  • 工作单格式
  • 卡片格式
题名:
设计美学与美术设计
    
 
作者: 刘琼 , 江明磊 , 殷振峰 主编
分册:  
出版信息: 长春   吉林美术出版社  2019
页数: 320页
开本: 24cm
丛书名:
单 册:
中图分类: J01 , J06
科图分类:
主题词: 设计学--she ji xue--艺术美学 , 美术--mei shu--设计
电子资源:
ISBN: 978-7-5575-3562-9
000 01024nam0 2200289 450
001 012001006455
005 20131016160102.0
010    @a978-7-5575-3562-9@dCNY78.00
099    @aCAL 012019036204
100    @a20190308d2019 em y0chiy50 ea
101 0  @achi
102    @aCN@b220000
105    @aak z 000yy
106    @ar
200 1  @a设计美学与美术设计@Ashe ji mei xue yu mei shu she ji@f主编刘琼, 江明磊, 殷振峰
210    @a长春@c吉林美术出版社@d2019
215    @a320页@c图@d24cm
330    @a本书较全面地阐述了一般的美学形式的概念, 分析了服装造型的形式和要素, 以及这些概念、形式和要素与服装设计的关系。内容包括: 艺术设计史 ; 设计美学创新与思维之间的关系 ; 设计美学设计美学创新设计思维概况等。
606 0  @a设计学@Ashe ji xue@x艺术美学
606 0  @a美术@Amei shu@x设计
690    @aJ01@v5
690    @aJ06@v5
701  0 @a刘琼@Aliu qiong@4主编
701  0 @a江明磊@Ajiang ming lei@4主编
701  0 @a殷振峰@Ayin zhen feng@4主编
801  0 @aCN@b上海新华@c20191020
905    @b1099641-4@dJ01@e466@f4
    
    设计美学与美术设计/主编刘琼, 江明磊, 殷振峰.-长春:吉林美术出版社,2019
    320页:图;24cm
    
    
    ISBN 978-7-5575-3562-9:CNY78.00
    本书较全面地阐述了一般的美学形式的概念, 分析了服装造型的形式和要素, 以及这些概念、形式和要素与服装设计的关系。内容包括: 艺术设计史 ; 设计美学创新与思维之间的关系 ; 设计美学设计美学创新设计思维概况等。
●
相关链接 在E读中查询图书 在五车中查询图书 在当当中查询图书 在豆瓣中查询图书


正题名:设计美学与美术设计     索取号:J01/466         预约/预借

序号 登录号 条形码 馆藏地/架位号 状态 备注
1 1099641   210996412   第一样本阅览室/ [索取号:J01/466] 在馆    
2 1099642   210996421   第一借阅区/ [索取号:J01/466] 在馆    
3 1099643   210996430   第一借阅区/ [索取号:J01/466] 在馆    
4 1099644   210996449   第一借阅区/ [索取号:J01/466] 在馆    
唐山师范学院图书馆 欢迎您!
大连网信软件有限公司© 版权所有